| 000 | 00791nam a22002297a 4500 | ||
|---|---|---|---|
| 999 |
_c13451 _d13451 |
||
| 003 | AR-CdUCM | ||
| 008 | 190415b ||||| |||| 00| 0 spa d | ||
| 040 |
_aMUNICIPALIDAD PROVINCIAL DEL CUSCO _cBIBLIOTECA MUNICIPAL DEL CUSCO |
||
| 082 |
_a869.57008 / _bM84 |
||
| 100 |
_aMontesinos Escobar, Liudvinka _931874 |
||
| 245 | _aAntología de poesías, cuentos y leyendas huarocondinos / | ||
| 260 |
_aAnta : _bI.E.M. Julio César Benavente Díaz, _bDanny´s Graff, _c2012. |
||
| 300 |
_a93 páginas ; _c20 cm. |
||
| 505 | _aContenido: Poesías -- Cuentos. | ||
| 650 |
_aCuento peruano _93686 |
||
| 650 |
_aCusco _9772 |
||
| 650 |
_aSiglo XXI _92856 |
||
| 650 |
_aPoesía peruana _9806 |
||
| 700 |
_aRuiz López, Tomás (coautor) _931875 |
||
| 942 |
_2ddc _cLIBROS |
||
| 945 |
_aachl _d2019-04-15 |
||